000 01130nam a2200301 i 4500
003 EG-GICUC
005 20260222085444.0
008 260222s1967 fr ||||fr|||| 001 0 fre d
040 _aEG-GiCUC
_bfre
_cEG-GiCUC
_dEG-GiCUC
_eRda
041 0 _afre
082 0 4 _221
_a341.851
_bAB . E
092 0 4 _221
099 _aLaw1 12 341.851 AB . E 1967
100 1 _aAbi-saab, Georges
_eAuteur
245 1 4 _aLes Exceptions Préliminaires Dans La Procédure De La Cour Internationale :
_bÉtude Des Notions Fondamentales De Procédure Et Des Moyens De Leur Mise En Œuvre /
_cGeorges Abi-saab; Preface De Paul Guggenheim.
264 1 _aParis :
_bÉditions A. Pedone,
_c1967.
300 _a179 page,
_c 24 cm.
336 _2rda contenu
_a texte
337 _2rda medias
_aOrdinateur
338 _2 transporteur rda
_a Ressource en ligne
504 _aComprend des références bibliographiques.
546 _aTexte en français
650 1 4 _aDroit international privé
700 1 _aGuggenheim, Paul
_ePréfacier
856 4 0 _uhttps://fll.law.cu.edu.eg/fulltext/bks/B12-01735.pdf
905 _a48
942 _2ddc
_cBK
_e21
_n0
999 _c63977
_d63977